Statistiques concernant L'Oscar du meilleur film par cérémonie

Cliquez ici pour prendre le quiz!

Statistiques générales

  • Ce quiz a été pris 62 fois
  • Le résultat moyen est 24 sur 92

Statistiques - réponses

Année de cérémonieFilm% Correct
1998Titanic
76%
1973Le Parrain
66%
2012The artist
63%
1940Autant en emporte le vent
56%
1960Ben-Hur
54%
1975Le Parrain 2
54%
2020Parasite
54%
2001Gladiator
49%
1991Danse avec les loups
46%
2004Le seigneur des anneaux: Le Retour du roi
46%
2005Million Dollar Baby
46%
1976Vol au dessus d'un nid de coucou
44%
2013Argo
41%
1995Forrest Gump
41%
1994La liste de Schindler
41%
2017Moonlight
41%
1980Kramer contre Kramer
39%
2011Le discours d'un roi
39%
2007Les infiltrés
39%
1999Shakespeare in love
39%
1985Amadeus
37%
2000American beauty
37%
2010Démineurs
37%
1989Rain Man
37%
1977Rocky
37%
1993Impitoyable
34%
1987Platoon
34%
2014Twelve years a slave
34%
2019Green Book
32%
2018La forme de l'eau
32%
1992Le silence des agneaux
32%
2009Slumdog Millionaire
32%
1962West Side Story
32%
1944Casablanca
29%
1972French Connection
29%
1990Miss Daisy et son chauffeur
29%
2016Spotlight
29%
1978Annie Hall
27%
2015Birdman
27%
1986Out of Africa
27%
1979Voyage au bout de l'enfer
27%
2003Chicago
24%
1997Le patient anglais
24%
2008No country for old men
24%
1971Patton
24%
2002Un homme d'exception
24%
1996Braveheart
22%
1983Gandhi
22%
1966La mélodie du bonheur
22%
1963Lawrence d'Arabie
22%
1958Le Pont de la rivière Kwaï
22%
1954Tant qu'il y aura des hommes
22%
1974L'Arnaque
20%
1988Le Dernier empereur
20%
1970Macadam Cowboy
20%
1956Marty
20%
1969Oliver!
20%
1968Dans la chaleur de la nuit
17%
1949Hamlet
17%
1929Les Ailes
17%
1982Les charriots de feu
17%
1965My Fair lady
17%
1955Sur les quais
17%
1984Tendres Passions
17%
2006Collision
15%
1981Des gens comme les autres
15%
1961La garçonnière
15%
1957Le tour du monde en quatre vingts jours
15%
1935New-York Miami
15%
1942Qu'elle était verte ma vallée
15%
1941Rebecca
15%
1964Tom Jones
15%
1952Un américain à Paris
15%
1930A l'Ouest rien de nouveau
12%
1951Eve
12%
1959Gigi
12%
1936Les Révoltés du Bounty
12%
1953Sous le plus grand chapiteau du monde
12%
1931La ruée vers l'Ouest
10%
1938La vie d'Emile Zola
10%
1950Les fous du roi
10%
1943Madame Miniver
10%
1939Vous ne l'emporterez pas avec vous
10%
1934Cavalcade
7%
1932Grand Hôtel
7%
1945La route semée d'étoiles
7%
1948Le mur invisible
7%
1946Le poison
7%
1930The Broadway Melody
7%
1937Le grand Ziegfeld
5%
1947Les plus belles années de notre vie
5%
1967Un homme pour l'eternité
5%

Distribution des résultats

Percentile par nombre de réponses

% des personnes avec chaque résultat

Votre développement - résultats

Vous n’avez pas pris ce quiz